| 000 | 00790nam a2200265 i 4500 | ||
|---|---|---|---|
| 003 | IT-RoINE | ||
| 005 | 20160609074345.0 | ||
| 008 | 010912s2001 sp r 000 0 spa d | ||
| 020 | _a8435026337 | ||
| 040 |
_aUZ.ECON _cIT-RoINE _dIT-RoINE |
||
| 100 | 1 |
_aVoltes Bou, Pedro, _910110 _d1926-2009 |
|
| 245 | 1 | 0 |
_aHistoria de la peseta / _cPedro Voltes. |
| 260 |
_aBarcelona : _bEdhasa, _c2001. |
||
| 300 |
_a338 p. ; _c23 cm. |
||
| 336 |
_2rdacontent _atext |
||
| 337 |
_2rdamedia _aunmediated |
||
| 338 |
_2rdacarrier _avolume |
||
| 490 | 1 | _aEnsayo | |
| 504 | _aIncluye bibliografía. | ||
| 650 | 0 | 4 |
_aPeseta _xHistoria _913359 |
| 650 | 0 | 4 |
_aMoneda _zEspaña _xHistoria _910941 |
| 651 | 4 |
_aEspaña _xPolítica monetaria _xHistoria _924518 |
|
| 830 | 0 |
_aEnsayo (Edhasa) _913361 |
|
| 942 | _cMTS | ||
| 999 |
_c6178 _d6178 |
||